<?xml version="1.0" encoding="UTF-8"?>
<collection xmlns="http://www.loc.gov/MARC21/slim">
    <record>
        <controlfield tag="001">85390</controlfield>
        <controlfield tag="005">20191118101540.0</controlfield>
        <datafield tag="037" ind1=" " ind2=" ">
            <subfield code="a">TAZ-TFG-2019-2078</subfield>
        </datafield>
        <datafield tag="041" ind1=" " ind2=" ">
            <subfield code="a">spa</subfield>
        </datafield>
        <datafield tag="100" ind1="1" ind2=" ">
            <subfield code="a">Bin Mohamed Rafie, Ahmad Ubaidillah</subfield>
        </datafield>
        <datafield tag="242" ind1="0" ind2="0">
            <subfield code="a">Calculation and analysis of the transmissions of escalator</subfield>
        </datafield>
        <datafield tag="245" ind1="0" ind2="0">
            <subfield code="a">Cálculo y análisis de las transmisiones de una escalera mecánica</subfield>
        </datafield>
        <datafield tag="260" ind1=" " ind2=" ">
            <subfield code="a">Zaragoza</subfield>
            <subfield code="b">Universidad de Zaragoza</subfield>
            <subfield code="c">2019</subfield>
        </datafield>
        <datafield tag="506" ind1=" " ind2=" ">
            <subfield code="a">by-nc-sa</subfield>
            <subfield code="b">Creative Commons</subfield>
            <subfield code="c">3.0</subfield>
            <subfield code="u">http://creativecommons.org/licenses/by-nc-sa/3.0/</subfield>
        </datafield>
        <datafield tag="520" ind1=" " ind2=" ">
            <subfield code="a">Este proyecto trata sobre el Cálculo y Análisis de Las Transmisiones de Una Escalera Mecánica y se enfoca en el estudio, análisis y cálculo de las transmisiones de una escalera mecánica de marca Schindler modelo 9300 AE. Para ello, en este trabajo se utiliza su catálogo para realizar los cálculos de las transmisiones.  En primer lugar, a partir del catálogo se obtienen los datos necesarios para calcular las transmisiones de la escalera. A continuación, se calculan las transmisiones en el caso más desfavorable, el cual se produce cuando el número de pasajeros sea máximo. A partir de los cálculos de las transmisiones, se selecciona el motor adecuado y se hace un análisis de las opciones del reductor que va a trabajar junto con el motor seleccionado. En el análisis mencionado se incluye el análisis de fallo por flexión y el análisis de fallo por desgaste. En segundo lugar, se comparan todos los diseños que se han elaborado para elegir el mejor. Las comparaciones principalmente se enfocan en las dimensiones, el rendimiento, la potencia y la vida útil. Entre todas estas comparaciones, se selecciona la mejor y se continúa con los cálculos del eje y el análisis de la fatiga. Por último, se modela cada pieza del reductor en 3D y se ensambla para mostrar el reductor completo que se diseña en este proyecto. Además, se hace un estudio estático de cada parte para comprobar que las tensiones de Von Mises máximas sean iguales a las tensiones calculadas de cada parte. Seguidamente, se dibujan los planos de cada pieza modelada y el plano del ensamblaje del reductor completo.&lt;br /></subfield>
        </datafield>
        <datafield tag="521" ind1=" " ind2=" ">
            <subfield code="a">Graduado en Ingeniería Mecánica</subfield>
        </datafield>
        <datafield tag="540" ind1=" " ind2=" ">
            <subfield code="a">Derechos regulados por licencia Creative Commons</subfield>
        </datafield>
        <datafield tag="700" ind1=" " ind2=" ">
            <subfield code="a">Canalís Martínez, Paula María</subfield>
            <subfield code="e">dir.</subfield>
        </datafield>
        <datafield tag="710" ind1="2" ind2=" ">
            <subfield code="a">Universidad de Zaragoza</subfield>
            <subfield code="b">Ingeniería Mecánica</subfield>
            <subfield code="c">Ingeniería Mecánica</subfield>
        </datafield>
        <datafield tag="856" ind1="0" ind2=" ">
            <subfield code="f">732927@celes.unizar.es</subfield>
        </datafield>
        <datafield tag="856" ind1="4" ind2=" ">
            <subfield code="s">46555289</subfield>
            <subfield code="u">http://zaguan.unizar.es/record/85390/files/TAZ-TFG-2019-2078.pdf</subfield>
            <subfield code="y">Memoria (spa)</subfield>
        </datafield>
        <datafield tag="909" ind1="C" ind2="O">
            <subfield code="o">oai:zaguan.unizar.es:85390</subfield>
            <subfield code="p">driver</subfield>
            <subfield code="p">trabajos-fin-grado</subfield>
        </datafield>
        <datafield tag="950" ind1=" " ind2=" ">
            <subfield code="a"></subfield>
        </datafield>
        <datafield tag="951" ind1=" " ind2=" ">
            <subfield code="a">deposita:2019-11-18</subfield>
        </datafield>
        <datafield tag="980" ind1=" " ind2=" ">
            <subfield code="a">TAZ</subfield>
            <subfield code="b">TFG</subfield>
            <subfield code="c">EINA</subfield>
        </datafield>
        <datafield tag="999" ind1=" " ind2=" ">
            <subfield code="a">20190625224809.CREATION_DATE</subfield>
        </datafield>
    </record>

    
</collection>